书目信息 |
| 题名: |
现代语音技术基础与应用
|
|
| 作者: | 蔡莲红 , 黄德智 , 蔡锐 编著 | |
| 分册: | ||
| 出版信息: | 北京 清华大学出版社 2003 |
|
| 页数: | 367页 | |
| 开本: | 26cm | |
| 丛书名: | ||
| 单 册: | ||
| 中图分类: | TN912.3 | |
| 科图分类: | ||
| 主题词: | 语音数据处理--高等数学--教材 | |
| 电子资源: | ||
| ISBN: | 7-302-07277-9 | |
| 000 | 00927nam0 2200253 450 | |
| 001 | 070025240440 | |
| 005 | 20050912160357.81 | |
| 010 | @a7-302-07277-9@dCNY32.00 | |
| 100 | @a20040414d2003 ekmy0chiy0120 ea | |
| 101 | 0 | @achi |
| 102 | @aCN@b110000 | |
| 105 | @aak z 000yy | |
| 200 | 1 | @a现代语音技术基础与应用@Axian dai yu yin ji shu ji chu yu ying yong@f蔡莲红,黄德智,蔡锐编著@Fcai lian hong,huang de zhi,cai rui bian zhu |
| 210 | @a北京@c清华大学出版社@d2003 | |
| 215 | @a367页@c图@d26cm | |
| 300 | @a高等院校计算机教育系列教材 | |
| 330 | @a本书概述了语音处理研究的问题和方向;介绍了数字信号处理和语音信号处理基础,语音合成的原理和文语转换系统,语音识别基础等内容。 | |
| 606 | 0 | @a语音数据处理@x高等数学@x教材 |
| 690 | @aTN912.3@v4 | |
| 701 | 0 | @a蔡莲红@Acai lian hong@4编著 |
| 701 | 0 | @a黄德智@Ahuang de zhi@4编著 |
| 701 | 0 | @a蔡锐@Acai rui@4编著 |
| 801 | 0 | @aCN@bTSSF@c20050912 |
| 905 | @a10447@dTN912.3@e41 | |
| 现代语音技术基础与应用/蔡莲红,黄德智,蔡锐编著.-北京:清华大学出版社,2003 |
| 367页:图;26cm |
| 高等院校计算机教育系列教材 |
| ISBN 7-302-07277-9:CNY32.00 |
| 本书概述了语音处理研究的问题和方向;介绍了数字信号处理和语音信号处理基础,语音合成的原理和文语转换系统,语音识别基础等内容。 |
| ● |
| 相关链接 |
|
|
|
|
正题名:现代语音技术基础与应用
索取号:TN912.3/41
 
预约/预借
| 序号 | 登录号 | 条形码 | 馆藏地/架位号 | 状态 | 备注 |
| 1 | 0360940 | 3609401 | 第二样本阅览室/ [索取号:TN912.3/41] | 在馆 | |
| 2 | 0360941 | 3609410 | 第三借阅区/ [索取号:TN912.3/41] | 在馆 | |
| 3 | 0360942 | 3609429 | 第三借阅区/ [索取号:TN912.3/41] | 在馆 |